ACC Logos - Football - Statistics

General Stats
  • This quiz has been taken 41 times
  • The average score is 16 of 17
Answer Stats
Picture Answer % Correct
Clemson
100%
Florida State
100%
Georgia Tech
100%
Miami
100%
North Carolina
100%
Pittsburgh
100%
Stanford
100%
Virginia Tech
100%
Duke
96%
Syracuse
96%
Virginia
96%
Louisville
93%
Wake Forest
93%
Boston College
89%
NC State
89%
SMU
89%
California
86%
No matching quizzes found
Score Distribution
Percent of People with Each Score
Percentile by Number Answered
Your Score History
You have not taken this quiz